| 000 | 01207nam a2200337 a 4500 | ||
|---|---|---|---|
| 003 | BLK | ||
| 005 | 20240206134153.0 | ||
| 008 | 180412b bul|||||r ||||||| ||bul|| | ||
| 010 | _aKNG00003594000 | ||
| 020 | _a954-07-0460-Х | ||
| 040 | _aBLK | ||
| 041 |
_aBUL _cBUL |
||
| 080 |
_aНаследствено право. Наследяване _b347.65 _x(497.2) _z347.65(497.2) |
||
| 100 | 1 |
_aЦанкова, Цанка Тодорова _eпърви автор _9246038 |
|
| 139 |
_aЦанкова, Цанка Тодорова _bЦ 17 |
||
| 245 | 1 | 0 |
_aПромените в наследственото право _cЦанка Тодорова Цанкова. |
| 257 | _aBGR | ||
| 260 |
_aСофия _bУнив. изд. Св. Климент Охридски _c1994 |
||
| 300 |
_a195 с. _c20 см |
||
| 380 | _a3 | ||
| 500 | _a6 100 тир. | ||
| 650 | 4 |
_aНаследствено право - България _9243212 |
|
| 651 | 4 |
_aБългария _9241624 |
|
| 852 |
_aЦб 180937 _bЦб |
||
| 856 | 4 |
_qpdf _u |
|
| 856 | 4 |
_qpdf _u |
|
| 942 |
_cKNG _n0 |
||
| 944 |
_aCR _c15.01.2003 _k30534 _lРадостина Карадакова |
||
| 944 |
_aED _c10.08.2017 _kВиолета_Тройчева |
||
| 999 |
_c2596 _d2596 |
||
| 999 | _d2596 | ||